000 01597nam0a22003131 4500
001 rc\2773818
005 20250810044931.0
035 _a(NLR Aleph) 006900141
090 _a7238860
_c7238860
100 _a20110915d1941 u y0rusy50 ca
101 0 _arus
102 _aRU
105 _aa g |||||
200 1 _aСправочник по оборудованию для ремонта тракторов и автомобилей
_fГ. Г. Аствацатуров, А. И. Селиванов, П. С. Герасименко и др.
_gОтв. ред. Г. П. Зиновьев
_gВсес. н.-и. ин-т механизации и электрификации сел. хоз-ва "ВИМЭ"
210 _aМосква
_cСельхозгиз
_d1941
215 _a432 с.
_cил., черт.
_d21 см.
300 _aНа обороте тит. л. указаны авторы: Г. Г. Аствацатуров, А. И. Селиванов, П. Г. Герасименко и др.
702 1 _aАствацатуров
_bГ.Г.
_gГайк Гарегинович
_4570
702 1 _4570
_7ca
_8rus
_aСеливанов
_bА. И.
_cд-р техн. наук
_f1908-1976
_gАлександр Иванович
_9167659
_3RU\NLR\AUTH\770167706
702 1 _aЗиновьев
_bГ.П.
_gГеоргий Павлович
_4340
702 1 _aГерасименко
_bП.С.
_4570
801 0 _aRU
_bNLR
_gpsbo
801 1 _aRU
_bELAR
_2rusmarc
852 _aNLR
_jТ86 Г-3/7
942 _cBOOK
945 _aРоссийская национальная библиотека
980 _aNB
980 _aBV